| 000 | 00634nam a2200205Ia 4500 | ||
|---|---|---|---|
| 003 | GCL | ||
| 008 | 140319s9999 xx 000 0 ara d | ||
| 040 |
_aGCL / _cGCL |
||
| 082 | 0 | 4 |
_a843.043 _bك ح |
| 100 | 1 | _aيحيى حقى | |
| 245 | 1 | 0 |
_aالحب يسهر / _cيحيى حقى |
| 700 | 1 | _aكايافية , ج.ا.دى | |
| 700 | 1 | _aفلير، روبير دى | |
| 700 | 1 | _aصلاح الدين كامل (ترجمة) | |
| 300 | _a173 ص | ||
| 490 |
_aمسرحيات مختارة _v0 |
||
| 650 | 0 | 4 | _aالادب الفرنسى المترجم |
| 650 | 0 | 4 | _aالمسرحيات الفرنسية المترجمة |
| 942 |
_2ddc _cBK |
||
| 999 |
_c47404 _d47404 |
||